00610nam a2200181Ia 4500003000400000005001700004008004100021040000700062041001200069082001800081100008200099245012400181260004700305300001200352365001200364650002300376650002900399OSt20250813142612.0210719s2008 xx 000 0 und d cAL aKannada aK894.109 KRAV aKRASHNAMURTHI (S R)dಕೃಷ್ಣಮೂರ್ತಿ (ಎಸ್ ಅರ್)  aValmiki ramayanada antararthagalubವಾಲ್ಮೀಕಿ ರಾಮಾಯಣದ ಅಂತರಾರ್ಥಗಳು  aBengalurubBhagyalakshmi Prakashanac2008 a262bPB b130cRs aKannada literature aKannada Poetry Criticism